Proyecto de una iglesia /
-д хадгалсан:
| Үндсэн зохиолч: | |
|---|---|
| Формат: | Ном |
| Хэл сонгох: | испани |
| Нөхцлүүд: | |
| Шошгууд: |
Шошго байхгүй, Энэхүү баримтыг шошголох эхний хүн болох!
|
MARC
| LEADER | 00000nam^a2200000^a^4500 | ||
|---|---|---|---|
| 001 | 000186502 | ||
| 005 | 20250521000000.0 | ||
| 009 | 20260310102229.626 | ||
| 037 | |a Acervo ITESO - Biblioteca | ||
| 041 | |a ESP | ||
| 082 | |a 726. 1 |b PEÑ | ||
| 100 | |a Peña, Julio de la |e (arquitecto) | ||
| 245 | 1 | 0 | |a Proyecto de una iglesia / |c J. de la Peña. |
| 264 | |a Guadalajara, México : |b edición de autor, |c 1941 | ||
| 300 | |a 1 v. (sin paginación) | ||
| 336 | |a texto |b txt |2 rdacontenido | ||
| 337 | |a sin mediación |b n |2 rdamedio | ||
| 338 | |a volumen |b nc |2 rdasoporte | ||
| 545 | 0 | |a Nacido en 1917 en Guadalajara, el arquitecto jalisciense Julio de la Peña Lomelín cursó sus estudios durante los años 1935-1941 y presentó su examen profesional tres años más tarde. Participó en 1948 en la fundación de la Escuela de Arquitectura de la Universidad de Guadalajara, de la que fue su primer secretario, y en 1953 formó su taller personal independiente. Para ese momento, De la Peña ya había creado varias edificaciones notables en la capital jalisciense y a partir de 1958 su trabajo empezaría a extenderse a otras localidades, como ciudad de México, Autlán, Mazatlán, Chilpancingo, San Miguel de Allende, Aguascalientes, Monterrey, Palm Springs, Estados Unidos y San José, Costa Rica. Miembro honorario del Colegio de Arquitectos de Jalisco y académico emérito de la Academia Nacional de Arquitectura, Julio de la Peña ha recibido el Premio de Arquitectura Clemente Orozo (1965) y el Premio de Arquitectura Jalisco (1994), entre otros reconocimientos. Además de sus experiencias docentes y académicas, también ha contribuido a los estudios arquitectónicos con sus publicaciones Cincuenta años de arquitectura en Guadalajara (1957) y Arquitectura contemporánea tapatía (1992). | |
| 593 | |a Tesis de Lic. en Arquitectura, Universidad Autónoma de Guadalajara | ||
| 649 | |a XX | ||
| 650 | |a Templos Cristianos | ||
| 650 | |a Planos Arquitectónicos | ||
| 650 | |a Proyecto Arquitectónico | ||
| 650 | |a Arquitectura Religiosa | ||
| 650 | |a Arquitectura | ||
| 910 | |a Fondo Julio de la Peña Lomelín | ||
| 920 | |a Impresos - Tesis Externas | ||
| 930 | |a Arquitectos Jaliscienses | ||
| 905 | |a 115 | ||
| 901 | |a 0500128159 |b IT1 |c JAL |u 20250521 | ||
| 902 | |a https://opac.biblio.iteso.mx/vufind/Record/000186502 | ||